书目信息 |
| 题名: |
鲁迅的写作与民俗文化
|
|
| 作者: | 王元忠, 著 | |
| 分册: | ||
| 出版信息: | 北京 中国社会科学出版社 2010.06 |
|
| 页数: | 314页 | |
| 开本: | 21cm | |
| 丛书名: | ||
| 单 册: | ||
| 中图分类: | I210.97 , K892 | |
| 科图分类: | ||
| 主题词: | 鲁迅著作--lu xun zhu zuo--关系--风俗习惯--研究--中国 | |
| 电子资源: | ||
| ISBN: | 978-7-5004-8860-6 | |
| 000 | 01017nam0 2200265 450 | |
| 001 | CAL 012010189562 | |
| 005 | 20230217093112.0 | |
| 010 | @a978-7-5004-8860-6@dCNY26.00@z7-5004-8860-2 | |
| 099 | @aCAL 012010189562 | |
| 100 | @a20100913d2010 em y0chiy0120 ea | |
| 101 | 0 | @achi |
| 102 | @aCN@b110000 | |
| 105 | @ay a 000yy | |
| 106 | @ar | |
| 200 | 1 | @a鲁迅的写作与民俗文化@Alu xun de xie zuo yu min su wen hua@f王元忠著 |
| 210 | @a北京@c中国社会科学出版社@d2010.06 | |
| 215 | @a314页@d21cm | |
| 320 | @a有书目 (第303-311页) | |
| 330 | @a本书详细考察了鲁迅的写作与民俗文化之间的关系, 具体包括鲁迅写作的民俗兴趣发生、鲁迅人生的民俗文化视野观照、鲁迅的民俗观、民俗文化对于鲁迅写作理论的影响、民俗文化在鲁迅写作中的存在形态及表现特征、鲁迅民俗文化表现的写作意义等。 | |
| 606 | 0 | @a鲁迅著作@Alu xun zhu zuo@x关系@x风俗习惯@x研究@y中国 |
| 690 | @aI210.97@v4 | |
| 690 | @aK892@v4 | |
| 701 | 0 | @a王元忠,@Awang yuan zhong@f1964- @4著 |
| 801 | 0 | @aCN@bBJXHZP@c20230228 |
| 905 | @b1391125-8@dI210.97@e493@f4 | |
| 鲁迅的写作与民俗文化/王元忠著.-北京:中国社会科学出版社,2010.06 |
| 314页;21cm |
| ISBN 978-7-5004-8860-6:CNY26.00 |
| 本书详细考察了鲁迅的写作与民俗文化之间的关系, 具体包括鲁迅写作的民俗兴趣发生、鲁迅人生的民俗文化视野观照、鲁迅的民俗观、民俗文化对于鲁迅写作理论的影响、民俗文化在鲁迅写作中的存在形态及表现特征、鲁迅民俗文化表现的写作意义等。 |
| ● |
| 相关链接 |
|
|
|
|
正题名:鲁迅的写作与民俗文化
索取号:I210.97/493
 
预约/预借
| 序号 | 登录号 | 条形码 | 馆藏地/架位号 | 状态 | 备注 |
| 1 | 1391125 | 213911258 | 第一样本阅览室/ [索取号:I210.97/493] | 在馆 | |
| 2 | 1391126 | 213911267 | 第二借阅区/ [索取号:I210.97/493] | 在馆 | |
| 3 | 1391127 | 213911276 | 第二借阅区/ [索取号:I210.97/493] | 在馆 | |
| 4 | 1391128 | 213911285 | 第二借阅区/ [索取号:I210.97/493] | 在馆 |